000 01557cam a2200337 a 4500
999 _c20822
_d20822
001 2630670
003 OSt
005 20200617115554.0
008 990713s2000 nyu b 001 0 eng
010 _a 99027791
020 _a0521563194 (hb)
020 _a9780521563192
040 _aDLC
_coclc
_dDLC
043 _aa-ii---
050 0 0 _aDS436
_b.N47 1987 pt. 3, vol. 5
_aQ127.I4
082 0 0 _a954
_221
_bARN/S
100 _aArnold, David
_d1946-
_93009
245 1 0 _aScience, technology, and medicine in colonial India /
_cDavid Arnold
260 _aNew York :
_bCambridge University Press,
_c2000.
300 _axii, 234 p. :
_c24 cm.
440 4 _aThe New Cambridge history of India ;
_vIII, 5
504 _aIncludes bibliographical references (p. 214-216) and index.
650 0 _aTechnology
_zIndia
_xHistory.
650 0 _aMedicine
_zIndia
_xHistory.
856 4 1 _3Sample text
_uhttp://www.loc.gov/catdir/samples/cam032/99027791.html
856 4 2 _3Publisher description
_uhttp://www.loc.gov/catdir/description/cam0210/99027791.html
856 4 _3Table of Contents
_uhttp://lcweb.loc.gov/catdir/toc/99027791.html
906 _a7
_bcbc
_corignew
_d1
_eocip
_f19
_gy-gencatlg
942 _2ddc
_cBK
_h954
_iARN/S
_k954
_mARN/S